| 000 | 01425cam a22002775a 4500 | ||
|---|---|---|---|
| 001 | L143980 | ||
| 002 | 3934 | ||
| 008 | 080610s1998 xxkado f 001 0 eng d | ||
| 020 | _a0333737989 | ||
| 035 | _a(Sirsi) u143980 | ||
| 041 | 0 | _aeng | |
| 050 | 0 | 4 | _a658.2 $2 18 |
| 100 | 1 | _aPark, Alan | |
| 245 | 0 | 0 |
_aFacilities management _ban explanation |
| 250 | _a2nd ed. (reprinted 2008) | ||
| 260 |
_aBasingstoke _bPalgrave _c1998 |
||
| 300 |
_axv, 178p. _bill. _c25cm. |
||
| 350 | _a28.99 | ||
| 505 | 2 | _aOrigins and objectives -- Space planning -- Space planning data in cost control -- Maintenance and feedback -- Operational services -- Assets -- Life cycle costing -- Systems and software -- Worked examples -- Services -- Allied activities -- Health and safety -- The property portfolio -- Case studies | |
| 520 | _aDiscusses the skills required to manage the use of facilities and how these skills develop to the changing demands of occupiers. Highlights the growing importance of conservation and sustainability of resources; in turn impacting on effective facilities management. Text is suitable for both students and practitioners. | ||
| 520 | _aItem is a reprint of the 2nd edition published by Macmillan Press. | ||
| 521 | _aAdvanced | ||
| 651 | 4 |
_aUnited Kingdom _y |
|
| 690 | _aPROPERTY-COMMERCIAL PROPERTY-CORPORATE REAL ESTATE-CORPORATE REAL ESTATE MANAGEMENT-STRATEGIC FACILITIES PLANNING | ||
| 942 | _n0 | ||
| 999 |
_c108331 _d108331 |
||